000 00371nam a2200145Ia 4500
008 230917s9999||||xx |||||||||||||| ||und||
040 _e228303
_aMAIN
041 _aEnglish
082 _a005.432 D26Y
100 _aDas, Sumitabha
245 0 _aYour UNIX: The ultimate guide
260 _aNew Delhi
_bMcGraw Hill Education
_c2012
300 _aliv, 918 p.
942 _cBK
999 _c180183
_d180183